00635nam a2200157Ia 4500082001200000100001900012245007300031260006300104300000800167504003900175650003000214650003700244650005200281650007100333650007300404 aRG 0187 aGurumoorthy, V 0aStructure and changes among the kaniyan tribe in Tamil Nadu- A study c2009bIndian Council of Social Science Research, New Delhi a273 aincludes appendix and bibliography aTribeszIndiazTamil Nadu aSocial changezIndiazTamil Nadu aKaniyan (South Asian people)zIndiazTamil Nadu aKaniyan (South Asian people)zIndiazTamil NaduvSocial conditions aKaniyan (South Asian people)zIndiazTamil NaduvEconomic conditions